000
00315cam a2200109 4500
008
020301n2001 000 0 eng u
035
_a
(Sirsi) u116930
110
_a
Fire Protection Association
_9
231
245
3
_a
An introduction to the Fire Precautions (Workplace) Regulations
260
_b
FPA
_c
2001
942
_n
0
999
_c
101922
_d
101922